00234nam a22000737a 4500008004100000245004600041260005500087300001800142210927b |||||||| |||| 00| 0 eng d aGeosciences and Mining JournalbSeries-01 aThimphu :bDepartment of Geology and Mines,c2020. a78 p.c24 cm.